[Event "Open Semana Santa 2023"]
[Site "?"]
[Date "2023.04.08"]
[Round "6.216"]
[White "Tomas Amoros, Borja"]
[Black "Xia, Zhe"]
[Result "0-1"]
[WhiteElo "1147"]
[BlackElo "1366"]
[PlyCount "104"]

1. e4 e5 2. Nf3 Nc6 3. Be2 Nf6 4. d3 Bc5 5. h3 h6 6. Nbd2 O-O 7. a3 d5 8. exd5
Qxd5 9. c4 Qd6 10. b4 Bd4 11. Rb1 Ne7 12. Nb3 Nf5 13. Bb2 Bxb2 14. Rxb2 Rd8 15.
Rd2 Nd4 16. Nc5 b6 17. Ne4 Nxe4 18. dxe4 Nxf3+ 19. Bxf3 Qxd2+ 20. Qxd2 Rxd2 21.
Kxd2 Be6 22. Rc1 c6 23. Ke3 a5 24. b5 Rc8 25. bxc6 Rxc6 26. Be2 Rc5 27. Kd2 Kf8
28. Rc3 Ke7 29. f3 Kd6 30. Rd3+ Kc7 31. Rc3 Kc6 32. Rc2 Bc8 33. Rc3 Ba6 34. Rc2
b5 35. cxb5+ Bxb5 36. Bxb5+ Kxb5 37. Rb2+ Ka6 38. Ke2 a4 39. Kd3 Rc7 40. Kd2
Rc4 41. Kd3 Rc8 42. Kd2 Rc7 43. Kd3 Rc5 44. Kd2 Rb5 45. Rc2 Rb3 46. Ra2 Kb5 47.
Kc2 Kc5 48. Kd2 Kd4 49. Ke2 Kc3 50. Kd1 Rb1+ 51. Ke2 Rb2+ 52. Rxb2 Kxb2 0-1

[Event "Open Semana Santa 2023"]
[Site "?"]
[Date "2023.04.08"]
[Round "6.217"]
[White "Harouat, Alexander"]
[Black "Garcia Solbes, Juan Felipe"]
[Result "0-1"]
[WhiteElo "1133"]
[BlackElo "1365"]
[PlyCount "74"]
[EventDate "2023.??.??"]

1. e4 e5 2. Nf3 Nc6 3. Bc4 Bc5 4. c3 Nf6 5. d4 exd4 6. cxd4 Bb4+ 7. Bd2 Bxd2+
8. Nbxd2 d5 9. exd5 Nxd5 10. Qb3 Na5 11. Qa4+ c6 12. O-O O-O 13. Ne5 b5 14.
Bxb5 cxb5 15. Qxb5 Rb8 16. Qc5 Rxb2 17. Nb3 Nxb3 18. axb3 Be6 19. b4 Qb6 20.
Qxb6 axb6 21. Nd3 Rb3 22. Ne5 Rxb4 23. Rad1 Nf6 24. Nc6 Rc4 25. Ne7+ Kh8 26. d5
Bd7 27. d6 Rd8 28. Rd3 g6 29. Rb1 Ne4 30. f3 Nc5 31. Rd2 b5 32. Ra1 Kg7 33. Ra7
Ne6 34. Nd5 Rc6 35. Nc7 b4 36. Na6 b3 37. Nb8 Rxb8 0-1

[Event "Open Semana Santa 2023"]
[Site "?"]
[Date "2023.04.08"]
[Round "6.218"]
[White "Hidalgo Mena, Manel"]
[Black "Bethencourt Hernandez, Alberto I"]
[Result "1-0"]
[WhiteElo "1362"]
[BlackElo "1091"]
[PlyCount "122"]

1. Nf3 d5 2. d4 Nc6 3. g3 Bf5 4. c3 Nf6 5. Bg2 h6 6. Bf4 Ne4 7. Nbd2 Nd6 8. Qb3
e6 9. O-O Be7 10. Rfe1 O-O 11. Rac1 b5 12. Qd1 Ne8 13. e4 dxe4 14. Nxe4 Rb8 15.
Qd2 Kh7 16. h4 f6 17. h5 Bd6 18. Nh4 Ne7 19. f3 Bxf4 20. Qxf4 Nd5 21. Qd2 g5
22. hxg6+ Bxg6 23. Nxg6 Kxg6 24. Nc5 Ng7 25. Nxe6 Nxe6 26. Rxe6 Rb6 27. Rce1
Rxe6 28. Rxe6 Kg7 29. Qd3 Qb8 30. f4 c6 31. Qf5 Re8 32. Re4 Qd8 33. Rxe8 Qxe8
34. Be4 h5 35. Qh7+ Kf8 36. Kh2 Qf7 37. Qh8+ Ke7 38. Qa8 Qe6 39. Qxa7+ Kd6 40.
Qb8+ Kd7 41. Bf3 Qf5 42. Qa7+ Kd6 43. Qc5+ Kd7 44. Bxd5 Qxd5 45. Qxd5+ cxd5 46.
Kh3 Ke6 47. Kh4 Kf5 48. Kxh5 Ke4 49. Kg4 b4 50. a4 bxa3 51. bxa3 Kd3 52. a4
Kxc3 53. a5 Kxd4 54. a6 Ke3 55. a7 d4 56. a8=Q d3 57. Qa3 Ke2 58. f5 d2 59.
Qf3+ Ke1 60. Kh5 d1=Q 61. Qxd1+ Kxd1 1-0

[Event "Open Semana Santa 2023"]
[Site "?"]
[Date "2023.04.08"]
[Round "6.220"]
[White "Perea Fruet, Alba"]
[Black "Melero Fernandez, Jose M"]
[Result "0-1"]
[WhiteElo "1127"]
[BlackElo "1356"]
[PlyCount "70"]

1. d4 Nf6 2. Nf3 g6 3. Bf4 Bg7 4. Nc3 d5 5. Qd2 O-O 6. Bh6 c6 7. Bxg7 Kxg7 8.
O-O-O b5 9. h4 Ng4 10. Qe1 h5 11. Ne5 a5 12. Nxg4 Bxg4 13. f3 Bd7 14. g4 Rh8
15. Qg3 a4 16. gxh5 Rxh5 17. Bh3 Bxh3 18. Rxh3 b4 19. Nb1 Na6 20. Rg1 Qb6 21.
e3 b3 22. a3 bxc2 23. Kxc2 Qb3+ 24. Kc1 Qxe3+ 25. Nd2 Qxd4 26. f4 e6 27. Qg4
Rah8 28. f5 Qxg4 29. Rxg4 Rxf5 30. Rxa4 Nc5 31. Rd4 e5 32. Rb4 e4 33. a4 Nd3+
34. Kc2 Nxb4+ 35. Kd1 Ra8 0-1

[Event "Open Semana Santa 2023"]
[Site "?"]
[Date "2023.04.08"]
[Round "6.224"]
[White "Munoz Martinez, Francisco"]
[Black "Anton Ortiz, Javier"]
[Result "0-1"]
[WhiteElo "1069"]
[BlackElo "1332"]
[PlyCount "20"]

1. e4 e5 2. Nf3 Nc6 3. a3 Nf6 4. Nc3 Bc5 5. Nxe5 Bxf2+ 6. Kxf2 Nxe5 7. d4 Neg4+
8. Kg1 c6 9. e5 Nxe5 10. dxe5 Qb6+ 0-1

[Event "Open Semana Santa 2023"]
[Site "?"]
[Date "2023.04.08"]
[Round "6.225"]
[White "Lirola Gimeno, Manuel Jaime"]
[Black "Martinez Silva, Gabriel"]
[Result "1-0"]
[WhiteElo "1407"]
[BlackElo "1232"]
[PlyCount "53"]
[EventDate "2023.??.??"]

1. e4 e6 2. d4 d5 3. Nc3 Nf6 4. Bg5 Be7 5. e5 Nfd7 6. Bxe7 Qxe7 7. f4 a6 8. Qg4
g6 9. Nf3 c5 10. Bd3 cxd4 11. Nxd4 Qb4 12. Nb3 d4 13. a3 Qe7 14. Ne4 f5 15.
Nd6+ Kd8 16. Qg3 Nc6 17. Nd2 Rg8 18. Nf3 h6 19. Qh3 Qg7 20. Qh4+ g5 21. fxg5
hxg5 22. Nxg5 Ke7 23. Nh7+ Nf6 24. exf6+ Kxd6 25. fxg7 Rxg7 26. Ng5 Ne5 27.
Qxd4+ 1-0

[Event "Open Semana Santa 2023"]
[Site "?"]
[Date "2023.04.08"]
[Round "6.226"]
[White "Jaglinski, Aleksander"]
[Black "Beneyto De Ramon, Jaime"]
[Result "1-0"]
[WhiteElo "1301"]
[BlackElo "1070"]
[PlyCount "57"]

1. e4 e5 2. Nf3 Nc6 3. d4 exd4 4. Bc4 Bc5 5. Ng5 Nh6 6. Nxf7 Nxf7 7. Bxf7+ Kxf7
8. Qh5+ g6 9. Qxc5 d6 10. Qb5 Rb8 11. Bg5 Qe8 12. Qb3+ Qe6 13. Qf3+ Kg7 14. Nd2
Nb4 15. O-O Qf7 16. Bh6+ Kg8 17. Rfc1 Qxf3 18. Nxf3 Nc6 19. Rd1 Bg4 20. a3 Bxf3
21. gxf3 Kf7 22. b4 a5 23. Kg2 Rhg8 24. Bc1 Kf6 25. Bb2 Ke5 26. c3 dxc3 27.
Bxc3+ Kf4 28. Rd5 b5 29. Bd2# 1-0

[Event "Open Semana Santa 2023"]
[Site "?"]
[Date "2023.04.08"]
[Round "6.228"]
[White "Kuzmin, Rolan"]
[Black "Garcia Vives, Mireia"]
[Result "1/2-1/2"]
[WhiteElo "1024"]
[BlackElo "1003"]
[PlyCount "122"]

1. e4 e5 2. Nf3 Nc6 3. Bb5 a6 4. Ba4 Bc5 5. c3 Nf6 6. d4 exd4 7. cxd4 Nxd4 8.
Nxd4 Nxe4 9. Qe2 Bb4+ 10. Nc3 Qe7 11. a3 Bxc3+ 12. bxc3 Nxc3 13. Qxe7+ Kxe7 14.
Nf5+ Kd8 15. Bb3 Re8+ 16. Be3 d5 17. Nd4 c5 18. Ne2 Nxe2 19. Kxe2 d4 20. Bxf7
Re7 21. Bg8 dxe3 22. fxe3 Bg4+ 23. Kf2 h6 24. h3 Be6 25. Bxe6 Rxe6 26. Rhd1+
Kc7 27. g4 Rd8 28. Rxd8 Kxd8 29. Rc1 Rc6 30. e4 b5 31. Ke3 Kc7 32. Kd3 Kb6 33.
e5 b4 34. Rb1 Ka5 35. Kc4 bxa3 36. Re1 Rb6 37. Kxc5 a2 38. Ra1 Rb5+ 39. Kc4
Rxe5 40. Rxa2+ Kb6 41. Kd4 Ra5 42. Rb2+ Rb5 43. Ra2 a5 44. Kc3 Rb4 45. Kc2 Kb5
46. Kc1 a4 47. Rb2 a3 48. Rxb4+ Kxb4 49. Kb1 Kb3 50. Ka1 Kc3 51. h4 g5 52. hxg5
hxg5 53. Ka2 Kd3 54. Kxa3 Ke4 55. Kb3 Kf4 56. Kc2 Kxg4 57. Kd1 Kf3 58. Ke1 g4
59. Kf1 Kf4 60. Kg2 g3 61. Kg1 Kf3 1/2-1/2

[Event "Open Semana Santa 2023"]
[Site "?"]
[Date "2023.04.09"]
[Round "7.1"]
[White "GM Sosa, Tomas"]
[Black "GM Chigaev, Maksim"]
[Result "1/2-1/2"]
[WhiteElo "2544"]
[BlackElo "2617"]
[Annotator "Usuario"]
[PlyCount "73"]
[EventDate "2023.??.??"]

1. e4 c5 2. Nf3 Nc6 3. d4 cxd4 4. Nxd4 Nf6 5. Nc3 e5 6. Ndb5 d6 7. Bg5 a6 8.
Na3 b5 9. Nab1 Ne7 10. Bxf6 gxf6 11. a4 b4 12. Nd5 Nxd5 13. Qxd5 Be6 14. Qc6+
Bd7 15. Qb7 Qc8 16. Qxc8+ Bxc8 17. f3 Be6 18. Nd2 Ke7 19. a5 Bh6 20. Ra4 Rhc8
21. Kd1 Rc5 22. Bd3 Rb8 23. Bxa6 Ra8 24. Bd3 Rcxa5 25. Rxa5 Rxa5 26. Ke2 Ra2
27. Rb1 Kd7 28. Nf1 Kc6 29. Ng3 Bf8 30. Nh5 Be7 31. Kd2 Kc5 32. Ke3 Bd8 33. g4
Kc6 34. Kd2 Kd7 35. Ng7 Bb6 36. Bb5+ Ke7 37. Kd3 $11 1/2-1/2

[Event "Open Semana Santa 2023"]
[Site "?"]
[Date "2023.04.09"]
[Round "7.2"]
[White "IM Fernandez Guillen, Ernesto J"]
[Black "GM Mendonca, Leon Luke"]
[Result "1/2-1/2"]
[WhiteElo "2461"]
[BlackElo "2596"]
[PlyCount "105"]
[EventDate "2023.??.??"]

1. Nf3 d5 2. g3 Nf6 3. Bg2 c6 4. O-O Bg4 5. d4 e6 6. Bf4 Nbd7 7. Nbd2 Be7 8. c4
O-O 9. h3 Bh5 10. g4 Bg6 11. Qb3 Qb6 12. c5 Qa6 13. Rfc1 Rfc8 14. Qc3 Ne4 15.
Nxe4 Bxe4 16. Bf1 b6 17. b4 Qb7 18. Nd2 Bg6 19. e3 a5 20. a3 h6 21. Bd3 Bxd3
22. Qxd3 e5 23. dxe5 bxc5 24. Qf5 g6 25. Qc2 axb4 26. e6 Nf8 27. exf7+ Kxf7 28.
axb4 Rxa1 29. Rxa1 cxb4 30. Nf3 Bf6 31. Be5 c5 32. Bxf6 Kxf6 33. h4 c4 34. g5+
hxg5 35. hxg5+ Kg7 36. Nd4 Qe7 37. Kf1 Kg8 38. Qa4 c3 39. Ke2 Qxg5 40. Qxb4
Qg4+ 41. Kf1 Qh3+ 42. Ke2 Qg4+ 43. Kf1 Ne6 44. Qb7 Nxd4 45. exd4 Qh3+ 46. Kg1
Qg4+ 47. Kf1 Qh3+ 48. Kg1 c2 49. Qxd5+ Kg7 50. Qe5+ Kg8 51. Qd5+ Kg7 52. Qe5+
Kg8 53. Qd5+ 1/2-1/2

[Event "Open Semana Santa 2023"]
[Site "?"]
[Date "2023.04.09"]
[Round "7.3"]
[White "IM Suarez Uriel, Uriel"]
[Black "GM Postny, Evgeny"]
[Result "0-1"]
[WhiteElo "2356"]
[BlackElo "2548"]
[PlyCount "170"]
[EventDate "2023.??.??"]

1. e4 e5 2. Nf3 Nc6 3. Nc3 Nf6 4. Bb5 Bb4 5. O-O O-O 6. Bxc6 dxc6 7. d3 Nd7 8.
Ne2 Re8 9. Be3 Bf8 10. Ng3 c5 11. h3 Nb8 12. Nf5 Nc6 13. g4 Nd4 14. Kh2 a5 15.
a4 Ra6 16. Nd2 g6 17. Rg1 Kh8 18. Nc4 gxf5 19. gxf5 Bg7 20. c3 Nxf5 21. exf5
Bxf5 22. Qf3 Bxd3 23. Rad1 e4 24. Qxf7 Re7 25. Qf5 Qe8 26. b3 Rf6 27. Qxc5 b6
28. Qg5 Rg6 29. Qh4 Rxg1 30. Rxg1 Bxc3 31. Qh6 Rg7 32. Bd2 Qf7 33. Qh4 Bf6 34.
Rxg7 Qxg7 35. Qh5 Qg6 36. Qd5 Bxc4 37. bxc4 Qe8 38. Bf4 c6 39. Qd6 Bg7 40. c5
bxc5 41. Qxc5 Qf7 42. Be5 h6 43. Bxg7+ Kxg7 44. Qe5+ Qf6 45. Qc7+ Kg6 46. Kg1
Qa1+ 47. Kg2 Qxa4 48. Qd6+ Kf5 49. Qxh6 Qb5 50. h4 Kg4 51. h5 Qxh5 52. Qxc6 Qf5
53. Kf1 Kg5 54. Ke1 Qe5 55. Ke2 Qf5 56. Ke1 Kg4 57. Qb6 Kh5 58. Qc6 Qe5 59. Ke2
Kg5 60. Qb6 Qd5 61. Qe3+ Kf5 62. Qh3+ Kg6 63. Qg4+ Kf7 64. Qf4+ Ke6 65. Qc7
Qb5+ 66. Ke1 Kd5 67. Qf7+ Kd4 68. Qf6+ Kc4 69. Qe6+ Qd5 70. Qa6+ Kb3 71. Qb6+
Ka2 72. Qc7 a4 73. Qc2+ Ka3 74. Qc3+ Qb3 75. Qa1+ Kb4 76. Qd4+ Qc4 77. Qb2+ Kc5
78. Qe5+ Qd5 79. Qb2 Qd4 80. Qc1+ Kb5 81. Qg5+ Kb4 82. Qe7+ Kb3 83. Qf7+ Qc4
84. Qa7 a3 85. Kd2 a2 0-1

[Event "Open Semana Santa 2023"]
[Site "?"]
[Date "2023.04.09"]
[Round "7.4"]
[White "GM Sumets, Andrey"]
[Black "GM Maurizzi, Marc`andria"]
[Result "0-1"]
[WhiteElo "2506"]
[BlackElo "2536"]
[PlyCount "86"]
[EventDate "2023.??.??"]

1. d4 Nf6 2. c4 g6 3. Nc3 Bg7 4. e4 d6 5. Nf3 O-O 6. Be2 Nbd7 7. Qc2 e5 8. d5
a5 9. Be3 Nc5 10. h3 Nh5 11. Nd2 Nf4 12. Bf1 f5 13. g3 Nh5 14. O-O-O Na6 15.
exf5 Nb4 16. Qb3 gxf5 17. Rg1 Kh8 18. Nf3 f4 19. gxf4 Bf5 20. Rd2 Nxf4 21. Ng5
Qd7 22. c5 Nfd3+ 23. Bxd3 Nxd3+ 24. Rxd3 Bxd3 25. Ne6 Rf7 26. Qxb7 Qc8 27. c6
Bf6 28. Bb6 Qxb7 29. cxb7 Rb8 30. Bxc7 Rxb7 31. Bxd6 e4 32. Nc5 Bxc3 33. Nxd3
Bg7 34. Nc5 Bxb2+ 35. Kd1 Rb4 36. Ne6 Rb5 37. Nc7 Rb7 38. Ne8 Rxf2 39. Bg3 Rf3
40. Nd6 Rg7 41. Nxe4 Re3 42. Kc2 Rxe4 43. Kxb2 Re3 0-1

[Event "Open Semana Santa 2023"]
[Site "?"]
[Date "2023.04.09"]
[Round "7.5"]
[White "IM Iermito, Sebastian"]
[Black "IM Poormosavi, Seyed Kian"]
[Result "1/2-1/2"]
[WhiteElo "2533"]
[BlackElo "2418"]
[PlyCount "57"]

1. e4 c6 2. d4 d5 3. exd5 cxd5 4. Bf4 Nc6 5. c3 Nf6 6. Nd2 g6 7. Be2 Bg7 8. h3
O-O 9. Ngf3 Bf5 10. O-O Ne4 11. Re1 Re8 12. Bf1 a6 13. Nxe4 dxe4 14. Nd2 e5 15.
dxe5 Bxe5 16. Bxe5 Rxe5 17. Nc4 Rd5 18. Qb3 Na5 19. Nxa5 Rxa5 20. Qxb7 Rb8 21.
Red1 Qf8 22. Qc6 Rxb2 23. Qf6 Rb8 24. Bc4 Rc5 25. Rd4 Re8 26. Rad1 Qe7 27. Qxe7
Rxe7 28. Bxa6 Rxc3 29. Bc4 1/2-1/2

[Event "Open Semana Santa 2023"]
[Site "?"]
[Date "2023.04.09"]
[Round "7.6"]
[White "GM Xu, Yi"]
[Black "IM Veiga, Jose Francisco R P N"]
[Result "1-0"]
[WhiteElo "2505"]
[BlackElo "2403"]
[Annotator "Usuario"]
[PlyCount "97"]
[EventDate "2023.??.??"]

1. e4 e5 2. Nf3 Nc6 3. Bc4 Bc5 4. O-O Nf6 5. d3 d6 6. c3 a6 7. a4 Ba7 8. Re1 h6
9. Nbd2 Nh5 10. Nf1 Qf6 11. g3 Be6 12. Be3 Bg4 13. Kg2 Bxf3+ 14. Qxf3 Qxf3+ 15.
Kxf3 Bxe3 16. Nxe3 Nf6 17. a5 O-O $11 18. Kg2 Rad8 19. f4 Ne7 20. Kf3 exf4 21.
gxf4 d5 22. exd5 Nexd5 23. Nxd5 Nxd5 24. Re5 Nf6 25. Rae1 g6 26. d4 Kg7 27. Re7
Rc8 28. Be6 Rce8 29. Bh3 g5 30. Rxe8 Rxe8 31. Rxe8 Nxe8 32. c4 Nd6 33. c5 Nb5
34. Ke4 gxf4 35. d5 f3 36. Kxf3 Nd4+ 37. Ke3 Nb3 38. Bc8 Kf6 39. Bxb7 Nxc5 40.
Bc8 Nb3 41. Kd3 Nxa5 42. b4 Nb3 43. Kc3 Nc1 44. Bxa6 Ke5 45. Bc4 f5 46. b5 f4
47. Kd2 f3 48. Kxc1 Kd4 49. Kd2 1-0

[Event "Open Semana Santa 2023"]
[Site "?"]
[Date "2023.04.09"]
[Round "7.7"]
[White "GM Solodovnichenko, Yuri"]
[Black "FM Macias Pino, Diego"]
[Result "1-0"]
[WhiteElo "2489"]
[BlackElo "2395"]
[Annotator "Usuario"]
[PlyCount "101"]
[EventDate "2023.??.??"]

1. e4 c5 2. Nf3 e6 3. d4 cxd4 4. Nxd4 Nc6 5. Nc3 Qc7 6. Be3 a6 7. g4 b5 8. Nxc6
Qxc6 9. Qd2 b4 10. Ne2 Qxe4 11. Rg1 Qc4 12. Ng3 Qc7 13. O-O-O Ne7 14. Nh5 Nd5
15. Bd4 Rg8 16. g5 g6 17. Bg2 gxh5 18. Bxd5 Bb7 $11 19. Bxb7 Qxb7 20. h4 Rg6
21. f4 Qd5 22. Rg3 Qxa2 23. b3 f5 24. Bb2 d5 25. Qe2 Kf7 26. Re3 Rc8 27. Bf6
Bd6 28. Rf1 Rc6 29. Bb2 Bf8 30. Rff3 Bg7 31. Re5 Bxe5 32. Qxe5 Qa5 33. Rf2 Rc8
34. Qe2 Kg8 35. Qxh5 e5 $11 36. fxe5 Rc3 37. Rxf5 Qc5 38. Bxc3 bxc3 39. Qf3 Re6
40. Kb1 d4 41. Qa8+ Kg7 42. Qb7+ Re7 43. Qxa6 Ra7 44. Qf6+ Kg8 45. Qe6+ Kg7 46.
Qh6+ Kg8 47. Qd6 Qc8 48. Qd5+ Kg7 49. e6 Qa6 50. Qxd4+ Kg8 51. Qd8+ 1-0

[Event "Open Semana Santa 2023"]
[Site "?"]
[Date "2023.04.09"]
[Round "7.8"]
[White "FM Trigo Urquijo, Sergio"]
[Black "IM Plazuelo Pascual, Juan"]
[Result "1/2-1/2"]
[WhiteElo "2408"]
[BlackElo "2449"]
[Annotator "Usuario"]
[PlyCount "23"]
[EventDate "2023.??.??"]

1. Nf3 d5 2. g3 c5 3. Bg2 Nc6 4. d4 e6 5. O-O Nf6 6. c4 dxc4 7. dxc5 Qxd1 8.
Rxd1 Bxc5 9. Nbd2 c3 10. bxc3 O-O 11. Nb3 Be7 12. c4 $11 1/2-1/2

[Event "Open Semana Santa 2023"]
[Site "?"]
[Date "2023.04.09"]
[Round "7.9"]
[White "IM Garcia Ramos, Daniel"]
[Black "IM Garrido Outon, Alex"]
[Result "1/2-1/2"]
[WhiteElo "2442"]
[BlackElo "2379"]
[PlyCount "66"]

1. e4 c5 2. Nf3 d6 3. d4 cxd4 4. Nxd4 Nf6 5. f3 e5 6. Nb3 Be6 7. c4 Nbd7 8. Nc3
Rc8 9. Be3 Bxc4 10. Bxc4 Rxc4 11. Qd3 Rc8 12. O-O-O d5 13. exd5 Bb4 14. Kb1
Bxc3 15. bxc3 O-O 16. c4 Re8 17. c5 e4 18. Qd4 Re5 19. d6 b6 20. cxb6 axb6 21.
Bc1 Rd5 22. Qb4 Nc5 23. Rxd5 Nxd5 24. Qd4 Qxd6 25. Bb2 Ne6 26. Qxe4 Nc3+ 27.
Bxc3 Rxc3 28. g3 g6 29. Rc1 Rxc1+ 30. Kxc1 Nc5 31. Qe8+ Kg7 32. Qe3 Nxb3+ 33.
axb3 h5 1/2-1/2

[Event "Open Semana Santa 2023"]
[Site "?"]
[Date "2023.04.09"]
[Round "7.10"]
[White "IM Espinosa Aranda, Angel"]
[Black "GM Plaskett, H James"]
[Result "1-0"]
[WhiteElo "2429"]
[BlackElo "2371"]
[PlyCount "39"]

1. e4 d5 2. exd5 Qxd5 3. Nc3 Qe5+ 4. Be2 c6 5. Nf3 Qc7 6. d4 Nf6 7. O-O Nbd7 8.
Re1 e6 9. Bd3 Bd6 10. Qe2 b5 11. Ne5 b4 12. Ne4 Bxe5 13. dxe5 Qxe5 14. Qf3 O-O
15. Bf4 Qxb2 16. Bd6 Nd5 17. Ng5 Qf6 18. Bxh7+ Kh8 19. Qg3 Re8 20. Qh4 1-0

[Event "Open Semana Santa 2023"]
[Site "?"]
[Date "2023.04.09"]
[Round "7.11"]
[White "IM Tejedor Fuente, Enrique"]
[Black "GM Hovhannisyan, Mher"]
[Result "1/2-1/2"]
[WhiteElo "2390"]
[BlackElo "2418"]
[PlyCount "190"]

1. e4 e6 2. d4 d5 3. Nd2 c5 4. exd5 exd5 5. Ngf3 Nc6 6. Bb5 Qe7+ 7. Be2 Qc7 8.
O-O Nf6 9. dxc5 Bxc5 10. Nb3 Be7 11. Nfd4 O-O 12. Bg5 Ng4 13. Bxg4 Bxg5 14.
Bxc8 Raxc8 15. Nf3 Bf6 16. c3 Rfd8 17. Qd3 Qb6 18. Rad1 a5 19. Rd2 a4 20. Nbd4
Nxd4 21. Nxd4 a3 22. bxa3 Qa5 23. Rc2 Qxa3 24. Rb1 Qc5 25. Rb4 g6 26. g3 Rd7
27. Nb3 Qe7 28. Re2 Qd6 29. Nd4 Qc5 30. Re3 Qa5 31. Qe2 Qd8 32. h4 h5 33. Qf3
Rc4 34. Qe2 Rc8 35. Kg2 Rdc7 36. Qf3 Kg7 37. Rb5 Rd7 38. Ne2 b6 39. Nf4 Rc5 40.
Rb3 d4 41. cxd4 Rxd4 42. Rbd3 Rc2 43. a3 Rxd3 44. Rxd3 Qe7 45. Nd5 Qe6 46. Nxf6
Qxf6 47. Qxf6+ Kxf6 48. Rd6+ Kf5 49. Rxb6 Ra2 50. Rb3 f6 51. Rf3+ Ke5 52. Re3+
Kf5 53. Rc3 g5 54. Rc5+ Kg6 55. Ra5 g4 56. a4 Kh6 57. Rf5 Rxa4 58. Rxf6+ Kg7
59. Rf5 Kg6 60. Rg5+ Kh6 61. Rd5 Ra1 62. Rd6+ Kg7 63. Rd2 Kg6 64. f3 gxf3+ 65.
Kxf3 Ra3+ 66. Kf2 Rb3 67. Rd6+ Kg7 68. Re6 Ra3 69. Re3 Ra4 70. Kf3 Kf6 71. Rb3
Kf5 72. Rb5+ Kg6 73. Rg5+ Kh6 74. Re5 Kg6 75. Re6+ Kg7 76. Re4 Ra6 77. Re5 Kg6
78. Rg5+ Kh6 79. Rd5 Kg6 80. Ke4 Ra4+ 81. Ke5 Rg4 82. Rd3 Kf7 83. Rf3+ Kg6 84.
Rd3 Kf7 85. Kf5 Kg7 86. Ra3 Kf7 87. Ra7+ Kg8 88. Ra3 Kf7 89. Rb3 Kg7 90. Rc3
Kf7 91. Re3 Kg7 92. Rf3 Kf7 93. Ke5+ Kg7 94. Ke6 Re4+ 95. Kf5 Rg4 1/2-1/2

[Event "Open Semana Santa 2023"]
[Site "?"]
[Date "2023.04.09"]
[Round "7.12"]
[White "GM Jacobson, Brandon"]
[Black "FM Domingo Nunez, Ruben"]
[Result "1/2-1/2"]
[WhiteElo "2556"]
[BlackElo "2401"]
[Annotator "Usuario"]
[PlyCount "100"]
[EventDate "2023.??.??"]

1. Nf3 Nf6 2. c4 b6 3. g3 Bb7 4. Bg2 g6 5. d4 Bg7 6. O-O O-O 7. d5 Na6 8. Nc3
Nc5 9. Re1 Nfe4 10. Nxe4 Nxe4 11. Qc2 f5 12. Ng5 Nc5 13. Be3 e5 14. b4 h6 15.
Nh3 Na6 16. c5 g5 17. Qc4 d6 18. c6 Bc8 19. f3 Qf6 20. Nf2 e4 21. a3 Qc3 22.
Qxc3 Bxc3 23. f4 g4 24. Rec1 Bxa1 25. Rxa1 Nc5 26. bxc5 bxc5 27. Nd1 Ba6 28.
Nc3 Rab8 29. Kf2 Rb2 30. a4 Bc4 31. h3 h5 32. Bf1 Rfb8 33. hxg4 hxg4 34. Nb5 a6
35. Nxc7 Rc8 36. Rc1 Rb4 37. Bxc5 dxc5 38. d6 Kf7 39. d7 Rd8 40. Nd5 Bxd5 41.
c7 Rbb8 42. Rd1 Ke6 43. e3 Rbc8 44. cxd8=Q Rxd8 45. Bxa6 Bb3 46. Rc1 Bxa4 $11
47. Rxc5 Bxd7 48. Bc4+ Kf6 49. Rd5 Rc8 50. Rd4 Be6 1/2-1/2

[Event "Open Semana Santa 2023"]
[Site "?"]
[Date "2023.04.09"]
[Round "7.13"]
[White "GM Dvirnyy, Danyyil"]
[Black "GM Cifuentes Parada, Roberto"]
[Result "1/2-1/2"]
[WhiteElo "2541"]
[BlackElo "2396"]
[PlyCount "99"]

1. Nf3 d5 2. g3 c6 3. c4 Nf6 4. Bg2 e6 5. b3 Bd6 6. Bb2 O-O 7. O-O Nbd7 8. d4
b6 9. Nc3 Bb7 10. Qc2 Rb8 11. Rad1 Re8 12. Rfe1 h6 13. e4 Nxe4 14. Nxe4 dxe4
15. Qxe4 Bb4 16. Re2 c5 17. Qf4 cxd4 18. Rxd4 Qe7 19. Nh4 Bxg2 20. Kxg2 Nf6 21.
Kg1 Qb7 22. Qf3 Qxf3 23. Nxf3 Red8 24. a3 Bc5 25. Rdd2 Rxd2 26. Rxd2 a5 27. Ne5
Rc8 28. Kg2 Kf8 29. f4 Ke7 30. Kf3 h5 31. h3 Rc7 32. g4 hxg4+ 33. hxg4 Nd7 34.
Nd3 Bd6 35. Nf2 Nc5 36. Bxg7 Nxb3 37. Bf8+ Kxf8 38. Rxd6 Rxc4 39. Rxb6 Rc3+ 40.
Kg2 Nd2 41. f5 exf5 42. gxf5 Rxa3 43. Ng4 Ne4 44. f6 Ke8 45. Ne5 Nxf6 46. Rxf6
Ke7 47. Ra6 a4 48. Nc4 Ra1 49. Kf3 a3 50. Rxa3 1/2-1/2

[Event "Open Semana Santa 2023"]
[Site "?"]
[Date "2023.04.09"]
[Round "7.14"]
[White "IM Ajay Krishna, S."]
[Black "GM Almeida Quintana, Omar"]
[Result "0-1"]
[WhiteElo "2382"]
[BlackElo "2526"]
[PlyCount "66"]

1. d4 g6 2. Nf3 d6 3. c4 Bg7 4. Nc3 Bg4 5. g3 Bxf3 6. exf3 Nc6 7. d5 Nd4 8. Bh3
c5 9. Qa4+ Kf8 10. Qd1 a6 11. a4 b5 12. cxb5 axb5 13. O-O b4 14. Ne4 Nf6 15.
Nxf6 Bxf6 16. Bh6+ Bg7 17. Be3 h5 18. Bxd4 Bxd4 19. Rb1 Ra7 20. Qb3 h4 21. Bg2
hxg3 22. hxg3 Qd7 23. Ra1 e5 24. dxe6 Qxe6 25. Qc2 b3 26. Qd2 Kg7 27. f4 Qf6
28. Rfb1 c4 29. Qe2 Rc8 30. Bd5 Re7 31. Qg4 Rc5 32. a5 Rxd5 33. a6 Ba7 0-1

[Event "Open Semana Santa 2023"]
[Site "?"]
[Date "2023.04.09"]
[Round "7.15"]
[White "IM Martin Duque, Jesus"]
[Black "IM Tiglon, Bryce"]
[Result "1-0"]
[WhiteElo "2386"]
[BlackElo "2502"]
[PlyCount "101"]

1. Nf3 Nf6 2. b3 c5 3. Bb2 Nc6 4. c4 d5 5. cxd5 Nxd5 6. e3 Ndb4 7. d3 Bf5 8. e4
Bg4 9. a3 Bxf3 10. gxf3 Na6 11. Nd2 e5 12. Nc4 Nd4 13. Bg2 Qg5 14. Kf1 b5 15.
Ne3 Bd6 16. h4 Qd8 17. f4 exf4 18. Bxd4 cxd4 19. Nf5 Be5 20. h5 O-O 21. b4 Nc7
22. Qg4 Kh8 23. Bf3 Ne6 24. Nh4 Qf6 25. Bd1 Rfc8 26. Bb3 Rc3 27. Bxe6 fxe6 28.
Rh3 Rac8 29. Kg2 Rc1 30. Rxc1 Rxc1 31. Nf3 h6 32. Qg6 Rc8 33. Rh1 Kg8 34. Ra1
Bd6 35. a4 Qxg6+ 36. hxg6 a6 37. axb5 axb5 38. Ra6 Bxb4 39. Nxd4 e5 40. Nxb5
Kf8 41. d4 Rb8 42. Nc7 exd4 43. Ne6+ Ke8 44. Nxd4 Be7 45. Nf5 Bf6 46. e5 Bg5
47. Nxg7+ Kf8 48. Nf5 Bd8 49. g7+ Kf7 50. Rxh6 Bc7 51. e6+ 1-0

[Event "Open Semana Santa 2023"]
[Site "?"]
[Date "2023.04.09"]
[Round "7.16"]
[White "GM Arizmendi Martinez, Julen Luis"]
[Black "GM Campora, Daniel H."]
[Result "1-0"]
[WhiteElo "2494"]
[BlackElo "2348"]
[PlyCount "85"]

1. e4 e5 2. Nf3 Nc6 3. Bb5 a6 4. Ba4 Nf6 5. O-O Be7 6. Re1 b5 7. Bb3 d6 8. c3
O-O 9. h3 Na5 10. Bc2 c5 11. d4 Qc7 12. d5 Bd7 13. b3 Rab8 14. Nbd2 g6 15. Nf1
Nh5 16. g4 Ng7 17. Ng3 f6 18. Kh2 Nb7 19. Rg1 c4 20. b4 a5 21. Ne1 Kh8 22. f4
Nd8 23. f5 g5 24. Nf3 Kg8 25. Kg2 Kf7 26. Rh1 Nb7 27. h4 h6 28. hxg5 hxg5 29.
Rh7 Rh8 30. Qh1 Rxh7 31. Qxh7 Qd8 32. Nh5 Qf8 33. Be3 Be8 34. Bxg5 fxg5 35. f6
Bxf6 36. Nxf6 Kxf6 37. Rf1 Ke7 38. Nxg5 Qxf1+ 39. Kxf1 Kf6 40. Qh6+ Bg6 41.
Nh7+ Kf7 42. Ng5+ Kf6 43. Nf3 1-0

[Event "Open Semana Santa 2023"]
[Site "?"]
[Date "2023.04.09"]
[Round "7.17"]
[White "IM Kosakowski, Jakub"]
[Black "FM Domingo Nunez, Alejandro"]
[Result "1-0"]
[WhiteElo "2479"]
[BlackElo "2335"]
[Annotator "Usuario"]
[PlyCount "75"]
[EventDate "2023.??.??"]

1. e4 c5 2. Nf3 e6 3. d4 cxd4 4. Nxd4 Nc6 5. Nc3 Qc7 6. Be3 a6 7. a3 b5 8. Nxc6
dxc6 9. g4 e5 10. h4 Nf6 11. Rg1 h5 12. gxh5 Nxh5 13. Qf3 Nf4 14. O-O-O Rxh4
15. Ne2 Nxe2+ 16. Bxe2 Be6 17. Qg3 Rh7 18. Bg4 Bxg4 19. Qxg4 Qc8 20. Qg3 Qe6
21. f4 exf4 22. Bxf4 Rh3 23. Qg2 g6 24. Bg5 Bg7 25. Bf4 Rh5 26. Rd6 Qc4 $11 27.
Rxg6 fxg6 28. Qxg6+ Qf7 29. Qxc6+ Qd7 30. Qxa8+ Kf7 31. Be3 Re5 32. Rd1 Qe6 33.
Qb7+ Kg8 34. Rg1 Qf6 35. Qxg7+ Qxg7 36. Rxg7+ Kxg7 37. Bd4 Kf6 38. Kd2 1-0